000 00482nam a2200181 4500
001 136730
003 ES-MaACL
005 20230906195219.0
007 t|
008 070214s1972 sp r ||||1| spa d
100 1 _aSalado, Manuel.
_9101697
245 1 0 _aViolante el Rojo /
_cManuel Salado.
250 _a1ยช ed.
260 _aSevilla :
_bAlobele,
_c1972.
300 _a143 p. ;
_c20 cm.
500 _aPrimer Premio de Novela Alobele.
852 _aES-MaACL
_jC-49765
_bR.84707
999 _c136730
_d136730